Cars That Start With F - Statistics

General Stats
  • This quiz has been taken 88 times
  • The average score is 3 of 6
Answer Stats
Picture Answer % Correct
Ferrari
100%
Ford
100%
Fiat
92%
Fisker
33%
Foton
10%
9FF
5%
No matching quizzes found
Score Distribution
Percent of People with Each Score
Percentile by Number Answered
Your Score History
You have not taken this quiz